<?xml version="1.0" encoding="UTF-8"?>
<record
    xmlns:xsi="http://www.w3.org/2001/XMLSchema-instance"
    xsi:schemaLocation="http://www.loc.gov/MARC21/slim http://www.loc.gov/standards/marcxml/schema/MARC21slim.xsd"
    xmlns="http://www.loc.gov/MARC21/slim">

  <leader>03545nam a2200313 a 4500</leader>
  <controlfield tag="001">000000004</controlfield>
  <controlfield tag="003">OSt</controlfield>
  <controlfield tag="005">20220922131240.0</controlfield>
  <controlfield tag="008">081201s2001 dr  001 0 spa d</controlfield>
  <datafield tag="020" ind1=" " ind2=" ">
    <subfield code="a">9789945580280</subfield>
  </datafield>
  <datafield tag="040" ind1=" " ind2=" ">
    <subfield code="a">DO-SdBNP</subfield>
    <subfield code="b">spa</subfield>
    <subfield code="c">BPMSU</subfield>
  </datafield>
  <datafield tag="082" ind1=" " ind2=" ">
    <subfield code="a">001.42</subfield>
    <subfield code="2">22</subfield>
    <subfield code="b">H558i 2001</subfield>
  </datafield>
  <datafield tag="100" ind1="1" ind2=" ">
    <subfield code="a">Hern&#xE1;ndez, Fernando</subfield>
  </datafield>
  <datafield tag="245" ind1="1" ind2="0">
    <subfield code="a">Investigaci&#xF3;n documental y comunicaci&#xF3;n cient&#xED;fica /</subfield>
    <subfield code="c">Fernando Hern&#xE1;ndez.</subfield>
  </datafield>
  <datafield tag="260" ind1=" " ind2=" ">
    <subfield code="a">Santo Domingo :</subfield>
    <subfield code="b">UAPA,</subfield>
    <subfield code="c">2001.</subfield>
  </datafield>
  <datafield tag="300" ind1=" " ind2=" ">
    <subfield code="a">252 p. :</subfield>
    <subfield code="b">il., graf. ;</subfield>
    <subfield code="c">28 cm.</subfield>
  </datafield>
  <datafield tag="490" ind1="0" ind2=" ">
    <subfield code="a">Colecci&#xF3;n de textos ;</subfield>
    <subfield code="v">3</subfield>
  </datafield>
  <datafield tag="500" ind1=" " ind2=" ">
    <subfield code="a">Incluye bibliograf&#xED;a al final de los cap&#xED;tulos</subfield>
  </datafield>
  <datafield tag="505" ind1="0" ind2=" ">
    <subfield code="t">Introducci&#xF3;n --</subfield>
    <subfield code="g">M&#xF3;dulo 1 --</subfield>
    <subfield code="t">Metodolog&#xED;a de la investigaci&#xF3;n. Nociones generales --</subfield>
    <subfield code="t">Concepto e importancia de la metodolog&#xED;a --</subfield>
    <subfield code="t">M&#xE9;todo --</subfield>
    <subfield code="t">M&#xE9;todos generales --</subfield>
    <subfield code="t">M&#xE9;todo cient&#xED;fico --</subfield>
    <subfield code="t">Investigaci&#xF3;n: concepto y objetivo --</subfield>
    <subfield code="t">Formas de investigaci&#xF3;n --</subfield>
    <subfield code="t">Investigaci&#xF3;n pura, --</subfield>
    <subfield code="t">Investigaci&#xF3;n aplicada --</subfield>
    <subfield code="t">Tipo de investigaci&#xF3;n --</subfield>
    <subfield code="t">Investigaci&#xF3;n documental --</subfield>
    <subfield code="t">Investigaci&#xF3;n de campo --</subfield>
    <subfield code="t">Investigaci&#xF3;n de laboratorio --</subfield>
    <subfield code="t">Utilidad de la investigaci&#xF3;n --</subfield>
    <subfield code="g">M&#xF3;dulo 2 --</subfield>
    <subfield code="t">La comunicaci&#xF3;n cient&#xED;fica --</subfield>
    <subfield code="t">Concepto e importancia de la comunicaci&#xF3;n cient&#xED;fica --</subfield>
    <subfield code="t">Elementos de la comunicaci&#xF3;n cient&#xED;fica --</subfield>
    <subfield code="t">Forma de la expresi&#xF3;n ling&#xFC;&#xED;stica --</subfield>
    <subfield code="t">La descripci&#xF3;n --</subfield>
    <subfield code="t">La narraci&#xF3;n --</subfield>
    <subfield code="t">La argumentaci&#xF3;n --</subfield>
    <subfield code="t">La exposici&#xF3;n --</subfield>
    <subfield code="t">El lenguaje cient&#xED;fico: caracter&#xED;sticas --</subfield>
    <subfield code="t">Los escritos cient&#xED;ficos --</subfield>
    <subfield code="t">Tipo de escritos cient&#xED;ficos --</subfield>
    <subfield code="g">M&#xF3;dulo 3 --</subfield>
    <subfield code="t">Estructura b&#xE1;sica de los escritos cient&#xED;ficos --</subfield>
    <subfield code="t">Investigaci&#xF3;n documental. Planeaci&#xF3;n del trabajo --</subfield>
    <subfield code="t">Generalidades --</subfield>
    <subfield code="t">Planeaci&#xF3;n del trabajo --</subfield>
    <subfield code="t">Selecci&#xF3;n y delimitaci&#xF3;n del tema --</subfield>
    <subfield code="t">Planeaci&#xF3;n del trabajo --</subfield>
    <subfield code="t">Objetivo de la investigaci&#xF3;n --</subfield>
    <subfield code="t">Justificaci&#xF3;n --</subfield>
    <subfield code="t">Elaboraci&#xF3;n de un esquema preliminar --</subfield>
    <subfield code="t">Selecci&#xF3;n bibliograf&#xED;a b&#xE1;sica --</subfield>
    <subfield code="t">Cronograma de actividades --</subfield>
    <subfield code="g">M&#xF3;dulo 4 --</subfield>
    <subfield code="t">Investigaci&#xF3;n documental. Recopilaci&#xF3;n y clasificaci&#xF3;n de datos e informaciones --</subfield>
    <subfield code="t">Fuentes de investigaci&#xF3;n documental --</subfield>
    <subfield code="t">Fuentes de informaci&#xF3;n bibliogr&#xE1;fica --</subfield>
    <subfield code="t">Fuentes de informaci&#xF3;n iconogr&#xE1;fica --</subfield>
    <subfield code="t">Fuentes de informaci&#xF3;n fonogr&#xE1;fica --</subfield>
    <subfield code="t">Fuentes de informaci&#xF3;n magn&#xE9;tica --</subfield>
    <subfield code="t">Instituciones como fuentes de informaci&#xF3;n --</subfield>
  </datafield>
  <datafield tag="505" ind1="0" ind2=" ">
    <subfield code="t">T&#xE9;cnica de fichas --</subfield>
    <subfield code="t">Las fichas de referencia --</subfield>
    <subfield code="t">Las fichas de trabajo --</subfield>
    <subfield code="t">Organizaci&#xF3;n de las fichas. El fichero --</subfield>
    <subfield code="t">Clasificaci&#xF3;n de los datos --</subfield>
    <subfield code="g">M&#xF3;dulo 5 --</subfield>
    <subfield code="t">Investigaci&#xF3;n documental : esquema, redacci&#xF3;n y revisi&#xF3;n final --</subfield>
    <subfield code="t">El esquema o gui&#xF3;n de investigaci&#xF3;n --</subfield>
    <subfield code="t">Esquema mixto --</subfield>
    <subfield code="t">Esquema decimal --</subfield>
    <subfield code="t">Redacci&#xF3;n del trabajo --</subfield>
    <subfield code="t">Caracter&#xED;sticas de la redacci&#xF3;n --</subfield>
    <subfield code="t">Composici&#xF3;n --</subfield>
    <subfield code="t">Redacci&#xF3;n preliminar, redacci&#xF3;n sucesivas y redacci&#xF3;n definitiva --</subfield>
    <subfield code="t">Revisi&#xF3;n final --</subfield>
    <subfield code="g">M&#xF3;dulo 6 --</subfield>
    <subfield code="t">Partes preliminares de la obra --</subfield>
    <subfield code="t">Portada --</subfield>
    <subfield code="t">P&#xE1;gina titular --</subfield>
    <subfield code="t">Dedicatoria y agradecimientos --</subfield>
    <subfield code="t">Tabla de contenido --</subfield>
    <subfield code="t">Pr&#xF3;logo --</subfield>
    <subfield code="t">Introducci&#xF3;n --</subfield>
    <subfield code="t">M&#xF3;dulo 7 --</subfield>
    <subfield code="t">Cuerpo de la obra --</subfield>
    <subfield code="g">Cap&#xED;tulos --</subfield>
    <subfield code="t">Citas y notas--</subfield>
    <subfield code="t">Tablas y figuras --</subfield>
    <subfield code="g">M&#xF3;dulo 8 --</subfield>
    <subfield code="t">Elementos finales de la obra --</subfield>
    <subfield code="t">Conclusiones --</subfield>
    <subfield code="t">Recomendaciones --</subfield>
    <subfield code="t">Ap&#xE9;ndices y anexos --</subfield>
    <subfield code="t">Bibliograf&#xED;a general.</subfield>
  </datafield>
  <datafield tag="590" ind1=" " ind2=" ">
    <subfield code="a">Inventariado, 2020/VM</subfield>
  </datafield>
  <datafield tag="650" ind1=" " ind2="4">
    <subfield code="a">Investigaci&#xF3;n cient&#xED;fica</subfield>
    <subfield code="x">Problemas y ejercicios</subfield>
  </datafield>
  <datafield tag="650" ind1=" " ind2="4">
    <subfield code="a">Investigaci&#xF3;n</subfield>
    <subfield code="x">Metodolog&#xED;a de la investigaci&#xF3;n.</subfield>
  </datafield>
  <datafield tag="650" ind1=" " ind2="4">
    <subfield code="a">Proyectos de investigaci&#xF3;n</subfield>
    <subfield code="x">Metodolog&#xED;a.</subfield>
  </datafield>
  <datafield tag="710" ind1="2" ind2=" ">
    <subfield code="a">Universidad Abierta para Adultos (Santiago de los Caballeros, Republica  Dominicana)</subfield>
  </datafield>
  <datafield tag="830" ind1=" " ind2="0">
    <subfield code="a">Colecci&#xF3;n de textos</subfield>
    <subfield code="v">3</subfield>
  </datafield>
  <datafield tag="910" ind1=" " ind2=" ">
    <subfield code="a">VMateo V./Validado</subfield>
  </datafield>
  <datafield tag="942" ind1=" " ind2=" ">
    <subfield code="2">ddc</subfield>
    <subfield code="c">BK</subfield>
  </datafield>
  <datafield tag="952" ind1=" " ind2=" ">
    <subfield code="0">0</subfield>
    <subfield code="1">0</subfield>
    <subfield code="2">ddc</subfield>
    <subfield code="4">0</subfield>
    <subfield code="7">0</subfield>
    <subfield code="8">CD</subfield>
    <subfield code="a">BPMET</subfield>
    <subfield code="b">BPMET</subfield>
    <subfield code="d">2022-09-22</subfield>
    <subfield code="e">Editora B&#xFA;ho </subfield>
    <subfield code="l">0</subfield>
    <subfield code="o">BPMSU CD 001.42 H558i 2001</subfield>
    <subfield code="p">BPMSU22090034</subfield>
    <subfield code="r">2022-09-22</subfield>
    <subfield code="w">2022-09-22</subfield>
    <subfield code="y">BK</subfield>
  </datafield>
  <datafield tag="952" ind1=" " ind2=" ">
    <subfield code="0">0</subfield>
    <subfield code="1">0</subfield>
    <subfield code="2">ddc</subfield>
    <subfield code="4">0</subfield>
    <subfield code="7">0</subfield>
    <subfield code="8">CD</subfield>
    <subfield code="a">BPMET</subfield>
    <subfield code="b">BPMET</subfield>
    <subfield code="d">2022-09-22</subfield>
    <subfield code="e">Editora B&#xFA;ho </subfield>
    <subfield code="l">0</subfield>
    <subfield code="o">BPMSU CD 001.42 H558i 2001</subfield>
    <subfield code="p">BPMSU22090035</subfield>
    <subfield code="r">2022-09-22</subfield>
    <subfield code="t">e.2</subfield>
    <subfield code="w">2022-09-22</subfield>
    <subfield code="y">BK</subfield>
  </datafield>
  <datafield tag="952" ind1=" " ind2=" ">
    <subfield code="0">0</subfield>
    <subfield code="1">0</subfield>
    <subfield code="2">ddc</subfield>
    <subfield code="4">0</subfield>
    <subfield code="7">0</subfield>
    <subfield code="8">CD</subfield>
    <subfield code="a">BPMET</subfield>
    <subfield code="b">BPMET</subfield>
    <subfield code="d">2022-09-22</subfield>
    <subfield code="e">Editora B&#xFA;ho </subfield>
    <subfield code="l">0</subfield>
    <subfield code="o">BPMSU CD 001.42 H558i 2001</subfield>
    <subfield code="p">BPMSU22090036</subfield>
    <subfield code="r">2022-09-22</subfield>
    <subfield code="t">e.3</subfield>
    <subfield code="w">2022-09-22</subfield>
    <subfield code="y">BK</subfield>
  </datafield>
  <datafield tag="999" ind1=" " ind2=" ">
    <subfield code="c">14276</subfield>
    <subfield code="d">14276</subfield>
  </datafield>
</record>
